[Event "Madrid San Viator op 22nd"]
[Site "Madrid"]
[Date "2014.06.01"]
[Round "9"]
[White "Dominguez Lerida, Nicolas"]
[Black "Castillo Sanz, Javier"]
[Result "0-1"]
[WhiteElo "1577"]
[BlackElo "1815"]
[PlyCount "102"]
[EventDate "2014.03.23"]
[EventType "swiss"]
[EventRounds "9"]
[EventCountry "ESP"]
[SourceTitle "EXT 2015"]
[Source "ChessBase"]
[SourceDate "2014.11.20"]
[SourceVersion "1"]
[SourceVersionDate "2014.11.20"]
[SourceQuality "1"]

1. d4 g6 2. c4 Bg7 3. Nc3 d6 4. e4 a6 5. Be2 Nd7 6. Nf3 b6 7. 0-0 Bb7 8. Re1 h6 9. Bd3 e5 10. d5 Ne7 11. b4 f5 12. Qc2 f4 13. Na4 Nf6 14. c5 b5 15. Nb2 0-0 16. c6 Bc8 17. a4 bxa4 18. Rxa4 g5 19. b5 Bg4 20. bxa6 Bxf3 21. gxf3 Qc8 22. Bf1 g4 23. Qe2 h5 24. fxg4 f3 25. Qxf3 Nxg4 26. Qg3 Nxf2 27. Bh6 Rf7 28. Bg2 Ng4 29. Bxg7 Rxg7 30. Qf3 Qb8 31. Ra2 Qb6+ 32. Kh1 Nf2+ 33. Kg1 Nd1+ 34. Kh1 Nxb2 35. Rb1 Rf8 36. Raxb2 Qxa6 37. Qxh5 Qa7 38. Qe2 Ng6 39. Rb7 Qa5 40. R7b5 Qa8 41. Qb2 Nf4 42. Rb8 Qa5 43. Rb5 Qa7 44. Rb8 Nxg2 45. Rxf8+ Kxf8 46. Rf1+ Nf4 47. Qc2 Qa6 48. Rb1 Qd3 49. Qxd3 Nxd3 50. Rb8+ Ke7 51. Rb7 Nf2# 0-1

[Event "Madrid San Viator op 22nd"]
[Site "Madrid"]
[Date "2014.05.18"]
[Round "7"]
[White "Gutierrez Chamorro, Alejandro"]
[Black "Castillo Sanz, Javier"]
[Result "0-1"]
[WhiteElo "1555"]
[BlackElo "1815"]
[PlyCount "56"]
[EventDate "2014.03.23"]
[EventType "swiss"]
[EventRounds "9"]
[EventCountry "ESP"]
[SourceTitle "EXT 2015"]
[Source "ChessBase"]
[SourceDate "2014.11.20"]
[SourceVersion "1"]
[SourceVersionDate "2014.11.20"]
[SourceQuality "1"]

1. e4 g6 2. d4 Bg7 3. Nf3 d6 4. Bc4 a6 5. h3 b5 6. Bb3 Bb7 7. Nbd2 Nd7 8. 0-0 c5 9. c3 Qc7 10. Re1 Ngf6 11. e5 dxe5 12. dxe5 Nd5 13. e6 fxe6 14. Rxe6 c4 15. Bc2 Nc5 16. Re1 Nf4 17. Ne4 Rd8 18. Bxf4 Qxf4 19. Qe2 Nd3 20. Bxd3 cxd3 21. Qe3 Qxe3 22. Rxe3 Bh6 23. Nc5 Bxe3 24. fxe3 Bxf3 25. gxf3 Rd6 26. Rd1 Rf8 27. f4 Rf5 28. Kf2 Rxc5 0-1

[Event "Galapagar op 10th"]
[Site "Galapagar"]
[Date "2009.07.23"]
[Round "6"]
[White "Julian Serra, Rogelio"]
[Black "Castillo Sanz, Javier"]
[Result "1-0"]
[WhiteElo "2014"]
[BlackElo "1921"]
[PlyCount "59"]
[EventDate "2009.07.18"]
[EventType "swiss"]
[EventRounds "9"]
[EventCountry "ESP"]
[SourceTitle "EXT 2010"]
[Source "ChessBase"]
[SourceDate "2010.11.25"]
[SourceVersion "1"]
[SourceVersionDate "2010.11.25"]
[SourceQuality "1"]

1. c4 e5 2. Nc3 d6 3. g3 Nc6 4. Bg2 g6 5. Nf3 Bg7 6. 0-0 Nge7 7. d3 0-0 8. Rb1 a5 9. a3 Rb8 10. b4 axb4 11. axb4 d5 12. Nd2 dxc4 13. Nxc4 Be6 14. b5 Nd4 15. Ba3 Re8 16. b6 Bxc4 17. dxc4 cxb6 18. e3 Ndc6 19. Qxd8 Rexd8 20. Rxb6 f5 21. Bxe7 Nxe7 22. Bxb7 Kf8 23. Rfb1 Rd2 24. Nd5 Nxd5 25. Bxd5 Rxb6 26. Rxb6 e4 27. Rb8+ Ke7 28. Rb7+ Kf8 29. Rf7+ Kg8 30. Rxf5+ 1-0